British Comedians: Picture Quiz no.8 - Statistics

General Stats
  • This quiz has been taken 96 times
  • The average score is 8 of 20
Answer Stats
Picture Answer % Correct
Benny Hill
85%
Ernie Wise
80%
Spike Milligan
69%
Les Dawson
65%
George Formby
56%
Larry Grayson
56%
Graham Chapman
52%
Harry Secombe
49%
Joyce Grenfell
38%
Tom O'Connor
38%
Dick Emery
35%
Derek Guyler
31%
Harry Worth
31%
Pat Coombs
28%
Charlie Williams
27%
Hylda Baker
26%
Jimmy Edwards
23%
Gracie Fields
21%
Jimmy Jewel
14%
Ken Goodwin
12%
No matching quizzes found
Score Distribution
Percent of People with Each Score
Percentile by Number Answered
Your Score History
You have not taken this quiz